Statistics for Finland Euro 2020 Squad

Click here to take the quiz!

General Stats

  • This quiz has been taken 589 times
    (583 since last reset)
  • The average score is 10 of 27

Answer Stats

#PositionPlayer% Correct
10FWTeemu Pukki
95%
1GKLukáš Hrádecký
84%
20FWJoel Pohjanpalo
64%
6MFGlen Kamara
58%
14MF ©Tim Sparv
43%
2DFPaulus Arajuuri
42%
3DFDaniel O'Shaughnessy
40%
8MFRobin Lod
40%
4DFJoona Toivio
37%
18DFJere Uronen
35%
12GKJesse Joronen
33%
ManagerMarkku Kanerva
32%
22DFJukka Raitala
29%
26FWMarcus Forss
29%
13MFPyry Soiri
28%
9MFFredrik Jensen
27%
11MFRasmus Schüller
27%
5DFLeo Väisänen
25%
15DFSauli Väisänen
25%
17MFNikolai Alho
24%
19MFJoni Kauko
23%
25DFRobert Ivanov
22%
7MFRobert Taylor
22%
24MFOnni Valakari
21%
21FWLassi Lappalainen
20%
23GKAnssi Jaakkola
17%
16DFThomas Lam
15%

Score Distribution

Percentile by Number Answered

Percent of People with Each Score

Your Score History

You have not taken this quiz since the last reset